Normal view
MARC view
- Muhammad Saad Bin Abdul Ghaffar
Entry Personal Name
001 - CONTROL NUMBER
- control field: 73164
003 - CONTROL NUMBER IDENTIFIER
- control field: NUST
005 - DATE AND TIME OF LATEST TRANSACTION
- control field: 20210628204957.0
008 - FIXED-LENGTH DATA ELEMENTS
- fixed length control field: 210628|| aca||aabn | a|a d
040 ## - CATALOGING SOURCE
- Original cataloging agency: NUST
- Transcribing agency: NUST
100 ## - HEADING--PERSONAL NAME
- Personal name: Muhammad Saad Bin Abdul Ghaffar
670 ## - SOURCE DATA FOUND
- Source citation: Work cat.: (NUST): Muhammad Saad Bin Abdul Ghaffar, TH-SOF-1764-Improved Classification Accuracy of Four Class FNIRS-BCI, 2020
